После коммунизма: Книга, не предназначенная для печати

Bibliographic Details
Main Author: Платонов С. Сергей
Language:Russian
Published: Москва, Молодая гвардия, 1989
Subjects:
Format: MixedMaterials Book
KOHA link:https://koha.lib.tpu.ru/cgi-bin/koha/opac-detail.pl?biblionumber=15357

MARC

LEADER 00000nam0a2200000 4500
001 15357
005 20231030190210.0
010 |a 5235012801 
035 |a (RuTPU)RU\TPU\book\15464 
035 |a BOOK00000152 
090 |a 15357 
100 |a 20011209d1989 km y0rusy50 ca 
101 0 |a rus 
102 |a RU 
105 |a y z 000zy 
200 1 |a После коммунизма: Книга, не предназначенная для печати  |f С. Платонов 
210 |a Москва  |c Молодая гвардия  |d 1989 
215 |a 255 с. 
610 1 |a социология 
610 1 |a общество 
610 1 |a общественный строй 
610 1 |a коммунизм 
686 |a С55  |v LBC/SL-A  |2 rubbk 
686 |a А88  |v LBC/SL-A  |2 rubbk 
700 1 |a Платонов  |b С.  |g Сергей 
801 0 |a RU  |b 63413507  |c 20011209  |g PSBO 
801 2 |a RU  |b 63413507  |c 20120531  |g PSBO 
942 |c BK